La repoblación como forma de manejo de pesquerías en la acuicultura de Cuba / (Registro nro. 8729)

Detalles MARC
000 -CABECERA
Campo de control interno 02020nam a2200265Ia 4500
008 - ELEMENTOS DE LONGITUD FIJA - INFORMACIÓN GENERAL
Campo de control de longitud fija 260220t1995||||xx |||||||||||||| ||spa||
040 ## - FUENTE DE CATALOGACIÓN
Agencia de catalogación original PY-SlUNAC
Idioma de catalogación spa
Convenciones de descripción rda
041 ## - CÓDIGO DE IDIOMA
Código de idioma para texto/pista de sonido o título separado spa
082 ## - NÚMERO DE CLASIFICACIÓN DECIMAL DEWEY
Clasificación Decimal Dewey (CDD) 639.3
Clasificación Expansiva de Cutter (EC) F738r
100 ## - ASIENTO PRINCIPAL - NOMBRE PERSONAL
Nombre personal Fonticiella, Domingo W.
Rol del autor Autor
245 #0 - TÍTULO
Título La repoblación como forma de manejo de pesquerías en la acuicultura de Cuba /
Mención de responsabilidad por Domingo W. Fonticiella [Autor]; Zenaida Arboleya [Autor] y Gonzalo Díaz Pérez [Autor]
264 ## - PIE DE IMPRENTA
Lugar Roma :
Editorial Naciones Unidas,
Año ℗1995.
300 ## - DESCRIPCIÓN FÍSICA
Páginas 1 volumen
520 ## - NOTA DE RESUMEN
Nota de resumen El libro "La repoblación como forma de manejo de pesquerías en la acuicultura de Cuba", escrito por Domingo W. Fonticiella, aborda la importancia de la repoblación de especies acuáticas como estrategia clave para la sostenibilidad de las pesquerías en Cuba. A lo largo de la obra, el autor analiza los desafíos que enfrenta la acuicultura en el país, incluyendo la sobreexplotación de recursos, la degradación de hábitats y las implicaciones socioeconómicas de la pesca. Fonticiella propone un enfoque multidisciplinario que integra la biología, la ecología y la economía para desarrollar programas de repoblación efectivos. Además, se destacan casos de éxito y se presentan recomendaciones para la implementación de políticas que fomenten la recuperación y conservación de especies. El libro enfatiza la necesidad de colaboración entre instituciones gubernamentales, comunidades locales y organizaciones internacionales para lograr un manejo pesquero sostenible que beneficie tanto al medio ambiente como a la economía de Cuba, promoviendo un equilibrio entre la explotación y la conservación de los recursos acuáticos.
653 ## - MATERIA - TÉRMINO TEMÁTICO NO CONTROLADO (PALABRAS CLAVE)
Materia - término temático no controlado (palabras clave) Acuicultura
653 ## - MATERIA - TÉRMINO TEMÁTICO NO CONTROLADO (PALABRAS CLAVE)
Materia - término temático no controlado (palabras clave) Pesca
653 ## - MATERIA - TÉRMINO TEMÁTICO NO CONTROLADO (PALABRAS CLAVE)
Materia - término temático no controlado (palabras clave) Recursos pesqueros
700 ## - ENTRADA SECUNDARIA - AUTOR PERSONAL
Nombre personal Arboleya, Zenaida
Rol del autor Autor
700 ## - ENTRADA SECUNDARIA - AUTOR PERSONAL
Nombre personal Díaz Pérez, Gonzalo
Rol del autor Autor
942 ## - ELEMENTOS PERSONALIZADOS (KOHA)
Fecha catalogación 2026/02/17
Tipo de documento Libros
Existencias
Fuente de Clasificacion Colección Ubicacion permanente Biblioteca actual Fecha de Ingreso a la Biblioteca Origen de adquisición Código de ubicación Código de barras Tipo de Item KOHA Nota pública
Dewey Decimal Classification Colección General (CG) Biblioteca e Internet, Facultad de Ciencias Exactas y Naturales Biblioteca e Internet, Facultad de Ciencias Exactas y Naturales 02/20/2026 Donación 639.3 F738r CG2089 Libros Material disponible en la Biblioteca e Intenet, Campus UNA, San Lorenzo.